Выдающиеся русские ученые-химики: пособие для учителей

Bibliographic Details
Main Author: Балезин С. А. Степан Афанасьевич
Other Authors: Бесков С. Д. Сергей Дмитриевич
Language:Russian
Published: Москва, Просвещение, 1972
Edition:2-е изд., перераб.
Subjects:
Format: MixedMaterials Book
KOHA link:https://koha.lib.tpu.ru/cgi-bin/koha/opac-detail.pl?biblionumber=278590

MARC

LEADER 00000nam0a2200000 4500
001 278590
005 20231101235128.0
035 |a (RuTPU)RU\TPU\book\301867 
090 |a 278590 
100 |a 20141212d1972 m y0rusy50 ca 
101 0 |a rus 
102 |a RU 
105 |a c z 001zd 
200 1 |a Выдающиеся русские ученые-химики  |e пособие для учителей  |f С. А. Балезин, С. Д. Бесков 
205 |a 2-е изд., перераб. 
210 |a Москва  |c Просвещение  |d 1972 
215 |a 222 с.  |c портр. 
320 |a Библиогр.: с. 219-221 
600 1 |a Ломоносов  |g Михаил Васильевич  |b М. В.  |c ученый-естествоиспытатель, поэт, историк, художник, деятель просвещения, науки и экономики  |f 1711-1765  |2 stltpush  |3 (RuTPU)RU\TPU\pers\975 
600 1 |a Ловиц  |b Т. Е.  |c химик  |f 1757-1804  |g Товий Егорович  |2 stltpush  |3 (RuTPU)RU\TPU\pers\20469  |9 8223 
600 1 |a Гесс  |b Г. И.  |f 1802-1850  |g Герман Иванович  |c российский химик  |2 stltpush  |3 (RuTPU)RU\TPU\pers\9005 
600 1 |a Бекетов  |b Н. Н.  |c российский химик  |c основатель отечественной научной школы физико-химиков  |c академик Петербургской АН (1886)  |f 1827-1911  |g Николай Николаевич  |2 stltpush  |3 (RuTPU)RU\TPU\pers\17679 
600 1 |a Коновалов  |b Д. П.  |c химик  |c академик РАН и АН СССР  |f 1856-1929  |g Дмитрий Петрович  |2 stltpush  |3 (RuTPU)RU\TPU\pers\10528  |9 2238 
600 1 |a Меншуткин  |b Н. А.  |c химик  |f 1842-1907  |g Николай Александрович  |2 stltpush  |3 (RuTPU)RU\TPU\pers\20471  |9 8225 
600 1 |a Шилов  |b Н. А.  |c химик  |f 1872-1930  |g Николай Александрович  |2 stltpush  |3 (RuTPU)RU\TPU\pers\20472  |9 8226 
600 1 |a Каблуков  |b И. А.  |c российский физико-химик  |c почетный член АН СССР (1932)  |f 1857-1942  |g Иван Алексеевич  |2 stltpush  |3 (RuTPU)RU\TPU\pers\17678 
600 1 |a Кистяковский  |b В. А.  |c русский физико-химик  |f 1865-1952  |g Владимир Александрович  |2 stltpush  |3 (RuTPU)RU\TPU\pers\15030 
600 1 |a Писаржевский  |b Л. В.  |c советский химик  |c академик АН УССР  |f 1874-1938  |g Лев Владимирович  |2 stltpush  |3 (RuTPU)RU\TPU\pers\23547  |9 10264 
600 1 |a Воскресенский  |b А. А.  |f 1809-1880  |g Александр Абрамович  |c химик-органик  |c член-корреспондент Петербургской АН  |2 stltpush  |3 (RuTPU)RU\TPU\pers\9006 
600 1 |a Менделеев  |g Дмитрий Иванович  |b Д. И.  |c учёный-энциклопедист, химик, педагог  |f 1834-1907  |c член-корреспондент Петербургской АН  |2 stltpush  |3 (RuTPU)RU\TPU\pers\1367 
600 1 |a Чугаев  |b Л. А.  |c российский химик  |f 1873-1922  |g Лев Александрович  |2 stltpush  |3 (RuTPU)RU\TPU\pers\7122  |9 1309 
600 1 |a Курнаков  |g Николай Семенович  |b Н. С.  |c российский физико-химик  |c академик АН СССР  |f 1860-1941  |2 stltpush  |3 (RuTPU)RU\TPU\pers\1659 
600 1 |a Черняев  |b И. И.  |g Илья Ильич  |c российский химик  |f 1893-1966  |2 stltpush  |3 (RuTPU)RU\TPU\pers\12172 
600 1 |a Бутлеров  |b А. М.  |g Александр Михайлович  |c химик-органик  |f 1828-1886  |c академик Петербургской АН  |2 stltpush  |3 (RuTPU)RU\TPU\pers\4379 
600 1 |a Зинин  |b Н. Н.  |c химик-органик  |f 1812-1880  |g Николай Николаевич  |2 stltpush  |3 (RuTPU)RU\TPU\pers\7135  |9 1322 
600 1 |a Марковников  |b В. В.  |c русский химик  |c один из создателей теории строения химических соединений  |f 1837-1904  |g Владимир Васильевич  |2 stltpush  |3 (RuTPU)RU\TPU\pers\17677  |9 6562 
600 1 |a Фаворский  |b А. Е.  |c российский химик-органик  |f 1860-1945  |g Алексей Евграфович  |c академик АН СССР  |2 stltpush  |3 (RuTPU)RU\TPU\pers\9869 
600 1 |a Лебедев  |b С. В.  |c российский ученый, химик-органик  |c академик АН СССР  |f 1874-1934  |g Сергей Васильевич  |2 stltpush  |3 (RuTPU)RU\TPU\pers\11148 
600 1 |a Кучеров  |b М. Г.  |c русский химик-органик  |f 1850-1911  |g Михаил Григорьевич  |2 stltpush  |3 (RuTPU)RU\TPU\pers\24658  |9 10921 
600 1 |a Зелинский  |g Николай Дмитриевич  |c российский химик-органик  |f 1861-1953  |b Н. Д.  |2 stltpush  |3 (RuTPU)RU\TPU\pers\1320 
600 1 |a Вернадский  |g Владимир Иванович  |b В. И.  |c российский учёный  |c естествоиспытатель, мыслитель и общественный деятель  |f 1863-1945  |2 stltpush  |3 (RuTPU)RU\TPU\pers\417 
606 1 |a Химики  |x Персоналии  |2 stltpush  |3 (RuTPU)RU\TPU\subj\69968  |9 84576 
610 1 |a биографии 
610 1 |a научные открытия 
610 1 |a жизнь 
610 1 |a ученые 
610 1 |a химические науки 
610 1 |a научная деятельность 
675 |a 54(092)  |v 4 
700 1 |a Балезин  |b С. А.  |g Степан Афанасьевич 
701 1 |a Бесков  |b С. Д.  |g Сергей Дмитриевич 
801 1 |a RU  |b 63413507  |c 20141212 
801 2 |a RU  |b 63413507  |c 20190628  |g RCR 
942 |c BK